襄渝铁路所有客运车站 Xiangyang-Chongqing Railway stations - Statistics

General Stats
  • This quiz has been taken 10 times
  • The average score is 14 of 22
Answer Stats
地市 车站 % Correct
广安 广安
100%
达州 达州
100%
安康 安康
100%
十堰 十堰
100%
达州 渠县
90%
达州 万源
90%
安康 紫阳
90%
安康 旬阳
90%
安康 白河县
90%
安康 白河东
80%
襄阳 谷城
80%
广安 高兴
70%
达州 宣汉
60%
安康 蜀河
60%
达州 三汇镇
50%
达州 毛坝
40%
安康 巴山
30%
安康 麻柳
30%
安康 大竹园
30%
达州 花楼坝
20%
安康 毛坝关
20%
安康 高滩
10%
No matching quizzes found
Score Distribution
Percent of People with Each Score
Percentile by Number Answered
Your Score History
You have not taken this quiz